Normal view
MARC view
Entry Topical Term
001 - CONTROL NUMBER
- control field: 54113
003 - CONTROL NUMBER IDENTIFIER
- control field: OSt
005 - DATE AND TIME OF LATEST TRANSACTION
- control field: 20250605144900.0
008 - FIXED-LENGTH DATA ELEMENTS
- fixed length control field: 250605|| aca||aabn | a|a d
040 ## - CATALOGING SOURCE
- Original cataloging agency: OSt
- Transcribing agency: OSt
150 ## - HEADING--TOPICAL TERM
- Topical term or geographic name entry element: Principal-agent, Principal-principal, Nexus of contracts, Governance of projects, Project governance.
670 ## - SOURCE DATA FOUND
- Source citation: Work cat.: (OSt): Musawir, Ata Ul 54112, Revisiting the principal–agent framework in the context of projects: Drawing parallels with corporate governance
